| Tag |
First Indicator |
Second Indicator |
Subfields |
| LEADER |
00000cam a2200000 a 4500 |
| 001 |
in00000031097 |
| 005 |
20230406225410.3 |
| 008 |
880408s1988 waua b 101 0 eng d |
| 010 |
|
|
|a 86063729
|
| 020 |
|
|
|a 0892528877 (pbk.)
|
| 035 |
|
|
|a (OCoLC)17756751
|
| 035 |
|
|
|9 AAB6773AM
|
| 040 |
|
|
|a CON
|c CON
|d TXA
|d UtOrBLW
|
| 049 |
|
|
|a TXAM
|c [A11113596]
|
| 050 |
|
4 |
|a TJ210.3
|b .M63 1988
|
| 245 |
0 |
0 |
|a Mobile robots II :
|b 5-6 November 1987, Cambridge, Massachusetts /
|c William J. Wolfe, Wendell H. Chun, chairs/editors ; sponsored by SPIE--the International Society for Optical Engineering ; in association with IEEE Industrial Electronics Society, Society of Instrument and Control Engineers of Japan ; Cooperating organizations Center for Optical Data Processing/Carnegie Mellon University[and others].
|
| 264 |
|
1 |
|a Bellingham, Wash., USA :
|b SPIE--the International Society for Optical Engineering,
|c [1988]
|
| 264 |
|
4 |
|c ©1988
|
| 300 |
|
|
|a vi, 339 pages :
|b illustrations ;
|c 28 cm.
|
| 336 |
|
|
|a text
|b txt
|2 rdacontent
|
| 337 |
|
|
|a unmediated
|b n
|2 rdamedia
|
| 338 |
|
|
|a volume
|b nc
|2 rdacarrier
|
| 490 |
1 |
|
|a Proceedings of SPIE--The International Society for Optical Engineering ;
|v v. 852
|
| 504 |
|
|
|a Includes bibliographies and index.
|
| 650 |
|
0 |
|a Robots
|x Congresses.
|
| 700 |
1 |
|
|a Wolfe, William J.
|
| 700 |
1 |
|
|a Chun, Wendell H.
|
| 710 |
2 |
|
|a Society of Photo-optical Instrumentation Engineers.
|
| 710 |
2 |
|
|a IEEE Industrial Electronics Society.
|
| 710 |
2 |
|
|a Keisoku Jidō Seigyo Gakkai (Japan)
|
| 830 |
|
0 |
|a Proceedings of SPIE--the International Society for Optical Engineering ;
|v v. 852.
|
| 856 |
4 |
1 |
|u https://www.spiedigitallibrary.org/conference-proceedings-of-SPIE/0852.toc
|t 0
|
| 999 |
|
|
|a MARS
|
| 999 |
f |
f |
|s 7c981a00-5379-390f-915e-f66e9997ddb5
|i daa1d3da-e2a2-3f70-b08b-85872ba66429
|t 0
|
| 952 |
f |
f |
|p ric
|a Texas A&M University
|b Rellis Campus
|c Joint Library Facility
|d Remote Storage
|t 0
|e TJ210.3 .M63 1988
|h Library of Congress classification
|i unmediated -- volume
|m A14811113596
|
| 998 |
f |
f |
|a TJ210.3 .M63 1988
|t 0
|l Remote Storage
|